| 000 | 01063nam a22002537a 4500 | ||
|---|---|---|---|
| 999 |
_c16841 _d16841 |
||
| 003 | AR-CdUCM | ||
| 008 | 190506b ||||| |||| 00| 0 spa d | ||
| 040 |
_aMUNICIPALIDAD PROVINCIAL DEL CUSCO _cBIBLIOTECA MUNICIPAL DEL CUSCO |
||
| 041 | _hfre | ||
| 082 |
_a372.4 / _bD75 |
||
| 100 |
_aDiel, Paúl _936538 |
||
| 245 |
_aLos principios de la educación y de la reeducación : _bfundada en el estudio de las motivaciones íntimas / |
||
| 260 |
_aMéxico, D.F : _bFondo de Cultura Económica, _c1962. |
||
| 300 |
_a276 páginas ; _c22 cm. |
||
| 440 |
_aBiblioteca de Psicología y Psicoanálisis. _923276 |
||
| 505 | _aContenido: El funcionamiento íntimo del psiquismo -- La tarea de la educación -- Los orígenes de la técnica reeducativa -- La técnica de reeducación. | ||
| 650 |
_aPsicopedagogía infantil _918850 |
||
| 650 |
_aPsicología _91538 |
||
| 650 |
_aPsicoanálisis _916757 |
||
| 700 |
_aWallon, Henri (prefacio) _936539 |
||
| 700 |
_aGonzález Aramburo, Francisco (traducción) _936540 |
||
| 942 |
_2ddc _cLIBROS |
||
| 945 |
_aachl _d2019-05-06 |
||